000 00902nam a22002657a 4500
005 20250430142320.0
008 250430b |||||||| |||| 00| 0 eng d
020 _a978-1-032-96270-2 (hbk)
037 _cTB
040 _aCRL
_cCRL
041 _2eng
_aeng
_htam
084 _aO31,3N58:g 111R5
_qCRL
245 _aBama:
_bWriter as activist
260 _aLondon, UK:
_bRoutledge,
_c2025.
300 _axv, 303p.
365 _b1595.00
_cINR
490 _aWriter in context, (Editor) Sukrita Paul Kumar
546 _aTranslated from Tamil to English
650 _aTamil Literature
650 _aTamil Fiction
700 _aKumar, Raj
_eeditor.
700 _aArmstrong, S.
_eeditor.
_9753583
942 _2CC
_cTB
_hO31,3N58:g 111R5
_n0
999 _c1309838
_d1309838